El cultivo del manzano: variedades de sidra y mesa

محفوظ في:
التفاصيل البيبلوغرافية
المؤلفون الرئيسيون: Coque Fuertes, Manuel (مؤلف), Díaz Hernández, María Belén (مؤلف), García Rubio, Juan Carlos (مؤلف)
التنسيق: كتاب
اللغة:الإسبانية
منشور في: Madrid Mundi-Prensa 2012
الطبعة:1a. ed
الموضوعات:
الوسوم: إضافة وسم
لا توجد وسوم, كن أول من يضع وسما على هذه التسجيلة!

MARC

LEADER 00000cam a2200000 a 4500
001 UCD3259
003 CL-VaPUC
008 160603e20120000sp |||||||||||||||||spa|d
020 |a 9788484765189 
082 0 4 |a 634.11  |b COQ  |2 21 
100 0 |a Coque Fuertes, Manuel  |e author  |9 586651 
700 0 |a Díaz Hernández, María Belén  |e author  |9 586652 
700 0 |a García Rubio, Juan Carlos  |e author  |9 586653 
245 1 3 |a El cultivo del manzano: variedades de sidra y mesa 
250 |a 1a. ed 
300 |a 221 p 
942 |c BK 
945 |d 20160603 11:42:00  |a cmena 
260 |a Madrid  |b Mundi-Prensa  |c 2012 
650 0 |a Manzano   |9 264722 
650 7 |a CULTIVO DEL MANZANO  |2 CL-VaPUC  |9 468710 
650 0 |a Variedades frutales  |9 404820 
650 0 |a Fruticultura  |9 259678 
583 |a last modification  |c 20160603 11:42:00  |k Rodrigo Vera 
999 |c 364295  |d 364293 
952 |0 0  |1 0  |3 erb  |4 0  |6 634_110000000000000_COQ_2012  |7 0  |8 A  |9 477311  |a BIBAGR  |b BIBAGR  |i 5291186  |o 634.11 COQ 2012  |p 5291186  |r 2025-01-20  |w 2019-11-24  |y BK  |z Catalogado en:20160603  |k AGR 
952 |0 0  |1 0  |3 erb  |4 0  |6 634_110000000000000_COQ_2012  |7 0  |8 A  |9 477312  |a BIBAGR  |b BIBAGR  |i 5291194  |l 2  |m 1  |o 634.11 COQ 2012  |p 5291194  |r 2025-01-20  |s 2022-10-12  |w 2019-11-24  |y BK  |z Catalogado en:20160603  |k AGR 
952 |0 0  |1 0  |3 erb  |4 0  |6 634_110000000000000_COQ_2012  |7 0  |8 A  |9 477313  |a BIBAGR  |b BIBAGR  |i 5291178  |l 1  |o 634.11 COQ 2012  |p 5291178  |r 2025-01-20  |s 2022-10-12  |w 2019-11-24  |y BK  |z Catalogado en:20160603  |k AGR